| 000 | 00433nam a22001697a 4500 | ||
|---|---|---|---|
| 005 | 20251108164228.0 | ||
| 008 | 250721s9999 xx 000 0 ara d | ||
| 082 | 1 | 4 | _a784/محض |
| 100 | 1 | _aالمحضار، حسين أبو بكر | |
| 245 | 1 | 0 | _aإبتسامات العشاق / |
| 264 | _c[19-]. | ||
| 300 | _a243ص | ||
| 650 | 1 | 7 | _aالأغاني العربية |
| 650 | 1 | 7 | _aالغناء |
| 942 |
_2ddc _cBK |
||
| 999 |
_c6932 _d6932 |
||